000 00620cam a22002291 4500
001 sa 65010198
003 DLC
005 20260227112207.0
008 880902s1964 io 000 0 ind
010 _asa 65010198
035 _a(OCoLC)23562308
040 _aDLC
_cMiU
_dDLC
042 _apremarc
043 _aa-io---
050 0 0 _aHX402
_b.A646
100 1 _aAidit, D. N.,
_d1923-1965.
245 1 0 _aMarxisme dan pembinaan nasion Indonesia (PKI dan Alri II)
260 _aDjakarta,
_bJajasan Pembaruan,
_c1964.
300 _a56 p.
_c14 cm.
650 0 _aCommunism
_zIndonesia.
650 0 _aSocialism
_zIndonesia
999 _c66614
_d66614